000 00940nam2a22002291 4500
001 v19\rc\2012083
005 20250620002204.0
035 _a(NLR Aleph) 005093780
090 _a7324279
_c7324279
100 _a20080925d1901 |||y0rusy50 ca
101 0 _arus
102 _aRU
105 _ay z |||||
200 0 _a... на навигацию 1901 г.
210 _d1901
_aБ. м.
215 _a[1] л., слож. в [6] с.
461 0 _1001v19\rc\2012082
_12001#$aРейсы пароходства А.Я. Щитова...$v... на навигацию 1901 г.
_97324271
_aЩитов, А.Я., пароходство (Петербург)
_c[Санкт-Петербург]
_d1901
_nТипо-лит. Ю.А. Мансфильд
_tРейсы пароходства А.Я. Щитова...
_v... на навигацию 1901 г.
801 0 _aRU
_bNLR
_gpsbo
801 1 _aRU
_bProSoft-M
_2rusmarc
852 _aNLR
_j18.331.3.452
942 _cBOOK
980 _aNB